| 000 | 01074nam a2200229Ia 4500 | ||
|---|---|---|---|
| 999 |
_c49558 _d49558 |
||
| 001 | 16490 | ||
| 003 | GE_BSU | ||
| 005 | 20220606143413.0 | ||
| 008 | 181216s1994ge xx |||||||||||||| ||geo|| | ||
| 040 | _cGE_BSU | ||
| 041 | _ageo | ||
| 080 | _a1(09) შ-89 | ||
| 100 |
_aშტეკლი, ალბერტ _913994 |
||
| 245 |
_aშუა საუკუნეების ფილოსოფიის ისტორია / _cალბერტ შტეკლი, გერმ. თარგმნა ბაჩანა ბრეგაძემ |
||
| 264 |
_aთბილისი ; _b თბილისის დამოუკიდებელი უნ-ტი, _c1994. |
||
| 300 |
_a256 გვ .: _c21 სმ. |
||
| 653 | _aფილოსოფია | ||
| 653 | _aფილოსოფიის ისტორია | ||
| 700 |
_aბრეგაძე, ბაჩანა _eმთარგმნელი _912656 |
||
| 710 |
_aთბილისის დამოუკიდებელი უნივერსიტეტი _913995 |
||
| 942 |
_cBK _2udc |
||